000 00541nam a2200193Ia 4500
003 GCL
008 140319s9999 xx 000 0 eng d
040 _aGCL /
_cGCL
082 0 4 _a510.285
_bS A
100 1 _aSHAW, WILLIAM T.
245 1 0 _aAPPLIED MATHEMATICA: GETTING STARTED, GETTING IT DONE /
_cSHAW, WILLIAM T.
700 1 _aTIGG, JASON
260 _a[S.N] :
_bADDISON - WESLEY PUBLISHING COMPANY ،
_c1994
300 _a432 P
650 0 4 _aCOMPUTER FILE
650 0 4 _aDATA PROCESSING
650 0 4 _aMATHEMATICS
942 _2ddc
_cBK
999 _c23711
_d23711